000 00666nam a22002417a 4500
003 UA-OsUOA
001 43850
007 ta
008 20070127b un ||||| |||| 00| 0 ukr d
100 _aGrabczak Pawel
090 _a282(477.82)
942 _cBK
040 _aUA-OsUOA
_bukr
_cUA-OsUOA
_dUA-OsUOA
245 _aSeminarija duchowne Lucko-Zytomierskiej diecezji w latach 1798-1842
300 _a363 с.
955 _a2
041 _aukr
080 _a282(477.82)
020 _a83-88863-26-6
260 _aBialy Dunajec-Ostrog
_c2006
650 7 _a282 Римсько-католицька церква (Західна церква)
_2UDC
999 _c329966
_d329966